DC Metro Stations - Statistics

General Stats
  • This quiz has been taken 15 times
  • The average score is 55 of 98
Answer Stats
Hint Answer % Correct
GR Anacostia
90%
RD Bethesda
90%
RD Union Station
90%
SV Ashburn
80%
RD/GR/YL Gallery Place - Chinatown
80%
RD Rockville
80%
OR/SV Ballston-MU
70%
BL/SV Benning Road
70%
OR/SV Cheverly
70%
RD Cleveland Park
70%
OR/SV Court House
70%
BL/YL Crystal City
70%
BL/SV Downtown Largo
70%
RD Dupont Circle
70%
GR/YL/OR/BL/SV L'Enfant Plaza
70%
RD/OR/BL/SV Metro Center
70%
GR Navy Yard-Ballpark
70%
OR/SV New Carrollton
70%
BL/YL Pentagon
70%
BL/YL Ronald Reagan Washington National Airport
70%
RD Silver Spring
70%
GR U Street - African-American Civil War Memorial/Cardozo
70%
SV Washington Dulles International Airport
70%
BL/SV Addison Road - Seat Pleasant
60%
GR/YL Archives - Navy Memorial-Penn Quarter
60%
BL Arlington Cemetery
60%
BL/YL Braddock Road
60%
GR Branch Avenue
60%
RD Brookland-CUA
60%
BL/SV Capitol Heights
60%
OR/BL/SV Capitol South
60%
OR/SV Clarendon
60%
GR Congress Heights
60%
OR/BL/SV Eastern Market
60%
OR/SV East Falls Church
60%
OR/BL/SV Farragut West
60%
GR Greenbelt
60%
BL/YL King Street-Old Town
60%
OR/SV Landover
60%
SV McLean
60%
RD Medical Center
60%
OR/SV Minnesota Avenue
60%
RD North Bethesda
60%
OR/BL/SV Rosslyn
60%
OR/BL/SV Stadium-Armory
60%
RD Takoma
60%
RD Tenleytown-AU
60%
SV Tysons
60%
OR Vienna - Fairfax-GMU
60%
GR Waterfront
60%
RD Wheaton
60%
GR College Park-University of Maryland
50%
GR Columbia Heights
50%
OR/SV Deanwood
50%
OR Dunn Loring-Merrifield
50%
YL Eisenhower Avenue
50%
RD Farragut North
50%
OR/BL/SV Federal Center SW
50%
OR/BL/SV Federal Triangle
50%
OR/BL/SV Foggy Bottom-GWU - Kennedy Center
50%
RD Forest Glen
50%
RD/GR Fort Totten
50%
BL Franconia-Springfield
50%
RD Friendship Heights
50%
RD Glenmont
50%
SV Greensboro
50%
SV Herndon
50%
GR Hyattsville Crossing
50%
SV Innovation Center
50%
SV Loudoun Gateway
50%
OR/BL/SV McPherson Square
50%
BL/YL Pentagon City
50%
OR/BL/SV Potomac Avenue
50%
SV Reston Town Center
50%
RD Rhode Island Avenue-Brentwood
50%
RD Shady Grove
50%
GR Shaw-Howard U
50%
OR/BL/SV Smithsonian
50%
RD Twinbrook
50%
BL Van Dorn Street
50%
OR West Falls Church - VT
50%
GR West Hyattsville
50%
RD Woodley Park-Zoo - Adams Morgan
50%
RD Grosvenor-Strathmore
40%
YL Huntington
40%
RD Judiciary Square
40%
BL/SV Morgan Boulevard
40%
GR/YL Mount Vernon Square - 7th Street Convention Center
40%
GR Naylor Road
40%
SV Spring Hill
40%
GR Suitland
40%
RD Van Ness-UDC
40%
OR/SV Virginia Square-GMU
40%
SV Wiehle-Reston East
40%
GR Georgia Avenue-Petworth
30%
RD NoMa-Gallaudet U
30%
BL/YL Potomac Yard
30%
GR Southern Avenue
30%
No matching quizzes found
Score Distribution
Percent of People with Each Score
Percentile by Number Answered
Your Score History
You have not taken this quiz